Score 0/20 Timer 02:00
0 Plays Today
4-Letter Jumble 5-Letter Word % Correct
BTODDOUBT
93.3%
LDIBBUILD
89.5%
DILFFLUID
87.6%
IBCCCUBIC
87.6%
CENDDUNCE
83.8%
JORRJUROR
77.1%
BASCSCUBA
74.3%
DRYDRUDDY
74.3%
KAHIHAIKU
74.3%
SCUMMUCUS
72.4%
4-Letter Jumble 5-Letter Word % Correct
NEEVVENUE
68.6%
NOCEOUNCE
65.7%
LEEDELUDE
59%
PURSUSURP
58.1%
MASEAMUSE
57.1%
FINGFUNGI
50.5%
WALFAWFUL
46.7%
YABOBAYOU
46.7%
MLERLEMUR
39%
PNITINPUT
31.4%
Remove Ads.
Support Sporcle.
Get the best of Sporcle when you Go Orange. This ad-free experience offers more features, more stats, and more fun while also helping to support Sporcle. Thank you for becoming a member.

You're not logged in!

Compare scores with friends on all Sporcle quizzes.
OR
Log In

Show Comments

Extras

Created Feb 16, 2012ReportNominate
Tags:Mixed Word Quiz

Top Quizzes Today


Score Distribution

Your Account Isn't Verified!

In order to create a playlist on Sporcle, you need to verify the email address you used during registration. Go to your Sporcle Settings to finish the process.

Report this User

Report this user for behavior that violates our Community Guidelines.

Details: